000 00264nam a22001217a 4500
082 _a650
_bHIL/G
100 _aHILL, NAPOLEON
245 _aTHE GOLDEN RULES OF SUCCESS
260 _aDELHI
_bJAICO BOOKS
300 _a150
650 _aPSYCHOLOGY
_zDELHI
942 _cBK
999 _c6901
_d6901